Európska bezpečnostná a obranná politika a jej limity
Nové globálne bezpečnostné prostredie po skončení studenej vojny a jeho pozitíva a negatíva. Severoatlantická aliancia a posilňovanie bezpečnostnej obrannej dimenzie Európskej únie. Etablovanie Európskej bezpečnostnej a obrannej politiky (EBOP) ako integrálnej súčasti Spoločnej zahraničnej a bezpečn...
Salvato in:
| Autore principale: | |
|---|---|
| Natura: | Capitolo di libro |
| Lingua: | slovacco |
| Soggetti: | |
| Tags: |
Nessun Tag, puoi essere il primo ad aggiungerne!!
|
MARC
| LEADER | 00000naa$a2200000$$$4500 | ||
|---|---|---|---|
| 001 | 0021991 | ||
| 005 | 20251210101715.5 | ||
| 041 | 0 | |a slo | |
| 044 | |a SK | ||
| 245 | 1 | 0 | |a Európska bezpečnostná a obranná politika a jej limity |c Matúš Korba |
| 520 | |a Nové globálne bezpečnostné prostredie po skončení studenej vojny a jeho pozitíva a negatíva. Severoatlantická aliancia a posilňovanie bezpečnostnej obrannej dimenzie Európskej únie. Etablovanie Európskej bezpečnostnej a obrannej politiky (EBOP) ako integrálnej súčasti Spoločnej zahraničnej a bezpečnostnej politiky (SZBP). Globálne bezpečnostné prostredie po roku 1990. Kosovská kríza a vojenský zásah NATO. Proces formovania EBOP a tzv. petersberské úlohy. Globálne bezpečnostné prostredie po 11. septembri 2001. Rozvoj EBOP v rokoch 2001-2003. Spoločný záujem na rozvoji vojenských spôsobilostí krajín EÚ. Problematika európskeho obranného priemyslu. Implikácie EBOP pre Slovenskú republiku. | ||
| 610 | 2 | 0 | |a bezpečnosť |
| 610 | 2 | 0 | |a politika bezpečnostná |
| 610 | 2 | 0 | |a politika obranná |
| 610 | 2 | 0 | |a politika medzinárodná |
| 610 | 2 | 0 | |a systémy bezpečnostné |
| 610 | 2 | 0 | |a sily ozbrojené |
| 610 | 2 | 0 | |a terorizmus |
| 610 | 2 | 0 | |a obrana štátu |
| 610 | 2 | 0 | |a globalizácia |
| 610 | 2 | 0 | |a USA |
| 610 | 2 | 0 | |a Európska únia |
| 610 | 2 | 0 | |a Slovensko |
| 100 | 1 | |a Korba, Matúš | |